Tientos y diferencias
Saved in:
| Main Authors: | , |
|---|---|
| Format: | Book |
| Language: | Spanish |
| Published: |
Montevideo
Arca
1967
|
| Series: | Colección: Ensayo y testimonio
|
| Subjects: | |
| Tags: |
Add Tag
No Tags, Be the first to tag this record!
|
MARC
| LEADER | 00000nam a2200000 a 4500 | ||
|---|---|---|---|
| 001 | UCW9681 | ||
| 003 | CL-VaPUC | ||
| 008 | 890607e19670000UY |||||||||||||||||spa|d | ||
| 082 | 0 | 4 | |a Cu864 |b CAR |2 21 |
| 100 | 0 | |a Carpentier, Alejo |e author |9 315046 | |
| 700 | 0 | |a Desnos, Robert |e author |9 315047 | |
| 245 | 1 | 0 | |a Tientos y diferencias |
| 300 | |a 133 p | ||
| 942 | |c BK | ||
| 945 | |d 19890607 00:00:00 | ||
| 260 | |a Montevideo |b Arca |c 1967 | ||
| 500 | |a Incluye dos textos inéditos de Robert Desnos | ||
| 650 | 0 | |a Literatura cubana |9 315048 | |
| 650 | 7 | |a ENSAYOS CUBANOS |2 CL-VaPUC |9 315049 | |
| 583 | |a last modification |c 19890607 00:00:00 |k Rodrigo Vera | ||
| 490 | 0 | |a Colección: Ensayo y testimonio | |
| 999 | |c 221593 |d 221591 | ||
| 952 | |0 0 |1 0 |4 0 |6 CU_864_000000000000000_CAR_1967 |7 0 |8 A |9 215093 |a BIBEDU |b BIBEDU |d 2019-11-15 |i 2836440 |l 1 |o Cu864 CAR 1967 |p 2836440 |r 2023-10-30 |s 2023-10-30 |w 2019-11-15 |y BK |k LIT | ||
| 952 | |0 0 |1 0 |4 0 |6 CU_864_000000000000000_CAR_1967 |7 0 |8 A |9 215094 |a BIBEDU |b BIBEDU |d 2019-11-15 |i 1246836 |o Cu864 CAR 1967 |p 1246836 |r 2023-01-12 |w 2019-11-15 |y BK |k MUS | ||